[Event "GRE-ch U12"]
[Site "Peristeri"]
[Date "2024.06.22"]
[Round "1"]
[White "Nikakis, Filippos"]
[Black "Katrinis, Georgios"]
[Result "1-0"]
[WhiteElo "920"]
[BlackElo "1610"]
[PlyCount "94"]
[EventDate "2024.06.22"]
[EventType "swiss"]
[EventRounds "9"]
[EventCountry "GRE"]
[SourceTitle "EXT 2025"]
[Source "ChessBase"]
[SourceDate "2024.10.14"]
[SourceVersion "1"]
[SourceVersionDate "2024.10.14"]
[SourceQuality "1"]

1. c4 g6 2. g3 Bg7 3. Bg2 d6 4. Nf3 Bd7 5. 0-0 Qc8 6. Nc3 Bh3 7. Rb1 Bxg2 8. Kxg2 c5 9. b3 Nf6 10. Bb2 0-0 11. Qc2 Nc6 12. a3 e6 13. Rfd1 Nd4 14. Nxd4 cxd4 15. Ne4 Qc6 16. d3 Nd7 17. Kg1 d5 18. Nd2 Rac8 19. Rdc1 Qd6 20. Qd1 dxc4 21. bxc4 Nc5 22. Nb3 Na4 23. Bxd4 Bxd4 24. Nxd4 Qxd4 25. Qxa4 Rc7 26. Qb4 Rfc8 27. Qb2 Qxb2 28. Rxb2 Kf8 29. Rcb1 b6 30. Rb5 Rc5 31. Kg2 Ke7 32. Kf3 Kd6 33. R1b4 Rxb5 34. Rxb5 Rc5 35. a4 Kc6 36. Ke3 a6 37. Rb1 Ra5 38. Ra1 Kc5 39. Kd2 b5 40. cxb5 axb5 41. Rc1+ Kb6 42. axb5 Rxb5 43. Rc8 Rh5 44. Rf8 Rf5 45. f3 Kc5 46. g4 Rf6 47. Rh8 Kd5 1-0